Statistics for Largest Metropolitan Areas in Spain with a Map

Click here to take the quiz!

General Stats

  • This quiz has been taken 102 times
  • The average score is 32 of 52

Answers on the Map

Answers color-coded by a green-red scale on the quiz's map according to % correct below.
 

Answer Stats

PopulationUrban Area% Correct
6,055,116Madrid
100%
5,079,243Barcelona
98%
1,545,342Valencia
98%
900,523Bilbao
96%
1,305,538Seville
96%
967,250Málaga
92%
547,744Palma de Mallorca
92%
694,902Alicante-Elche
88%
742,363Zaragoza
88%
650,468Murcia
86%
537,317Las Palmas de Gran Canaria
84%
525,555Granada
83%
584,507Vigo-Pontevedra
83%
325,916Córdoba
78%
404,404Valladolid
78%
639,656Bahía de Cádiz
76%
436,728Santa Cruz de Tenerife-La Laguna
76%
411,671A Coruña
75%
408,339Donostia/San Sebastián
73%
807,802Asturias
69%
112,427Ibiza/Eivissa
69%
121,274Toledo
69%
351,374Pamplona
67%
320,923Santander-Torrelavega
64%
193,376León
63%
378,401Tarragona-Reus
61%
183,649Salamanca
60%
145,769Santiago de Compostela
59%
226,531Almería
55%
156,527Girona
55%
177,629Burgos
52%
237,622Bahía de Algeciras
49%
233,941Cartagena
49%
175,067Huelva
49%
246,976Vitoria/Gasteiz
48%
158,474Badajoz
47%
139,611Jaén
46%
167,928Lleida
45%
218,618Costa Blanca
43%
215,383Costa del Sol
43%
130,916Ourense
43%
106,647Cáceres
41%
302,374Castellón de la Plana
40%
172,816Albacete
39%
158,396Guadalajara
39%
175,822Logroño
39%
130,427Ferrol
29%
123,087Gandía
23%
191,466Tenerife Sur
23%
205,132Gran Canaria Sur
20%
101,962Manresa
19%
107,754Valle de La Orotava
8%

Score Distribution

Percentile by Number Answered

Percent of People with Each Score

Your Score History

You have not taken this quiz